Welcome to CU Library Online Public Access Catalogue (OPAC)

Real estate finance and investments / (Record no. 8924)

MARC details
000 -LEADER
fixed length control field 00741cam a2200229 a 4500
001 - CONTROL NUMBER
control field 16044969
005 - DATE AND TIME OF LATEST TRANSACTION
control field 20260311133752.0
008 - FIXED-LENGTH DATA ELEMENTS--GENERAL INFORMATION
fixed length control field 100107s2011 nyua b 001 0 eng
020 ## - INTERNATIONAL STANDARD BOOK NUMBER
International Standard Book Number 9780073377339
Qualifying information hc : alk. paper
020 ## - INTERNATIONAL STANDARD BOOK NUMBER
International Standard Book Number 0073377333
Qualifying information hc : alk. paper
050 00 - LIBRARY OF CONGRESS CALL NUMBER
Classification number HG2040.5.U5
Item number B78 2011
082 00 - DEWEY DECIMAL CLASSIFICATION NUMBER
Classification number 332.7/2
Edition information 22
100 1# - MAIN ENTRY--PERSONAL NAME
Personal name Brueggeman, William B.
245 10 - TITLE STATEMENT
Title Real estate finance and investments /
Statement of responsibility, etc. William B. Brueggeman, Jeffrey D. Fisher.
250 ## - EDITION STATEMENT
Edition statement 14th ed.
260 ## - PUBLICATION, DISTRIBUTION, ETC.
Place of publication, distribution, etc. New York :
Name of publisher, distributor, etc. McGraw-Hill Irwin,
Date of publication, distribution, etc. c2011.
300 ## - PHYSICAL DESCRIPTION
Extent xviii, 760 p. :
Other physical details ill. ;
Dimensions 27 cm.
650 #0 - SUBJECT ADDED ENTRY--TOPICAL TERM
Topical term or geographic name entry element Mortgage loans
Geographic subdivision United States.
650 #0 - SUBJECT ADDED ENTRY--TOPICAL TERM
Topical term or geographic name entry element Real property
Geographic subdivision United States
General subdivision Finance.
700 1# - ADDED ENTRY--PERSONAL NAME
Personal name Fisher, Jeffrey D.
942 ## - ADDED ENTRY ELEMENTS (KOHA)
Source of classification or shelving scheme Library of Congress Classification
Koha item type Books
Suppress in OPAC No
999 ## -
-- 8924
-- 8924
Holdings
Withdrawn status Lost status Source of classification or shelving scheme Damaged status Not for loan Collection Home library Current library Shelving location Date acquired Total checkouts Full call number Barcode Date last seen Copy number Price effective from Koha item type
    Library of Congress Classification     Non-fiction Business Library (Miotso) Business Library (Miotso) General stacks 03/11/2026   HG 2040.5.U5 BRU BSSM00002502 03/11/2026 2 03/11/2026 Books
    Library of Congress Classification     Non-fiction Business Library (Miotso) Business Library (Miotso) General stacks 03/11/2026   HG 2040.5.U5 BRU BSSM00002503 03/11/2026 3 03/11/2026 Books
    Library of Congress Classification     Non-fiction Graduate Library (Christ Temple) Graduate Library (Christ Temple) General stacks 03/11/2026   HG 2040.5.U5 BRU GSCT00003152 03/11/2026 1 03/11/2026 Books
© 2023-2024 Copyright: Central University Libraries. All Rights Reserved | Created by: Mahone Tech Office